000 00250nam a22001097a 4500
999 _c162523
_d162523
082 _a
_b
100 _aBirdwood C B
245 _aIndia's Freedom struggle/
_cby Birdwood C B.
260 _aNew Delhi:
_bDiscovery,
_c1988.
650 _a
942 _cBK